[Event "EU-ch Amateur Online Final 2000/2300"]
[Site "Tornelo INT"]
[Date "2021.04.28"]
[Round "3"]
[White "Tsaknakis, Zisis"]
[Black "Van De Lagemaat, Arend"]
[Result "1-0"]
[WhiteElo "2236"]
[BlackElo "1965"]
[PlyCount "107"]
[EventDate "2021.04.28"]
[EventType "swiss (rapid)"]
[EventRounds "9"]
[EventCountry "NET"]
[SourceTitle "EXT 2023"]
[Source "ChessBase"]
[SourceDate "2022.10.05"]
[SourceVersion "1"]
[SourceVersionDate "2022.10.05"]
[SourceQuality "1"]

1. e4 c5 2. Nf3 Nc6 3. d4 cxd4 4. Nxd4 Nf6 5. Nc3 e5 6. Ndb5 d6 7. Bg5 a6 8. Na3 b5 9. Nd5 Be7 10. Bxf6 Bxf6 11. c4 b4 12. Nc2 0-0 13. g3 a5 14. Bg2 g6 15. 0-0 Bg7 16. Qd3 Rb8 17. Rad1 a4 18. b3 axb3 19. axb3 Ra8 20. Ndxb4 Nxb4 21. Nxb4 Ra3 22. Nc2 Ra2 23. Ne3 Qb6 24. Nd5 Qb7 25. Nc3 Rb2 26. Nb5 Bd7 27. Qc3 Bxb5 28. Qxb2 Bxc4 29. Rfe1 Bxb3 30. Rxd6 Rb8 31. Rd3 Be6 32. Qxb7 Rxb7 33. Rd8+ Bf8 34. h4 h5 35. Bf1 Kg7 36. Rc1 Be7 37. Rd2 Rb4 38. Rc7 Bf8 39. Bd3 Rd4 40. Kf1 Bb4 41. Rb2 Bd6 42. Rc3 Bb4 43. Rc6 Bd7 44. Rc4 Rxc4 45. Bxc4 Bc3 46. Rb7 Be8 47. Ke2 Kf6 48. Kd3 Bd4 49. Ke2 Kg7 50. f4 exf4 51. gxf4 Bf6 52. e5 Bxh4 53. e6 Bg3 54. Re7 1-0

[Event "EU-ch Amateur Online Final 2000/2300"]
[Site "Tornelo INT"]
[Date "2021.04.28"]
[Round "6"]
[White "Van De Lagemaat, Arend"]
[Black "Tagkaloglou, Savvas Stefanos"]
[Result "0-1"]
[WhiteElo "1965"]
[BlackElo "1487"]
[PlyCount "54"]
[EventDate "2021.04.28"]
[EventType "swiss (rapid)"]
[EventRounds "9"]
[EventCountry "NET"]
[SourceTitle "EXT 2023"]
[Source "ChessBase"]
[SourceDate "2022.10.05"]
[SourceVersion "1"]
[SourceVersionDate "2022.10.05"]
[SourceQuality "1"]

1. d4 Nf6 2. Nf3 g6 3. g3 Bg7 4. Bg2 0-0 5. 0-0 d5 6. c4 c5 7. Nc3 Nc6 8. cxd5 Nxd5 9. Nxd5 Qxd5 10. Ne5 Qxd4 11. Nxc6 bxc6 12. Qc2 Bf5 13. e4 Be6 14. Rd1 Qb4 15. Be3 Qxb2 16. Qxc5 Qb5 17. Rab1 Qxc5 18. Bxc5 Bxa2 19. Rb7 Rfd8 20. Rbd7 Rxd7 21. Rxd7 a5 22. Bxe7 a4 23. Ba3 Bf8 24. Rd3 Bb3 25. Bxf8 Kxf8 26. e5 a3 27. Rxb3 a2 0-1